00481cam a22001692 4500001001100000005001700011008004100028020001700069040001500086050002200101245005800123250001200181260003700193300001900230650002800249700003400277000000248320151217151855.0070411s xx 000 0 eng d a0070326673 : aKABUcKABU 0aHF5635b.A38 199410aAdvanced accounting /cDaniel L. Jensen .... [et al.] a3rd ed. aNew York :bMcGraw-Hill,cc1994. axxiii, 1076 p. 0aAccounting.@00001483211 aJensen, Daniel L.@0000151847